Supreme Court Civil Appeal No. 13 of 91 Christopher Sebuliba Vs Attoney Genneral. (Record no. 2663)
[ view plain ]
| 000 -LEADER | |
|---|---|
| fixed length control field | 00713nam a22001337a 4500 |
| 008 - FIXED-LENGTH DATA ELEMENTS--GENERAL INFORMATION | |
| fixed length control field | 110610t xxu||||| |||| 00| 0 eng d |
| 010 ## - LIBRARY OF CONGRESS CONTROL NUMBER | |
| LC control number | SCCAF-18 |
| 245 ## - TITLE STATEMENT | |
| Title | Supreme Court Civil Appeal No. 13 of 91 Christopher Sebuliba Vs Attoney Genneral. |
| 260 ## - PUBLICATION, DISTRIBUTION, ETC. (IMPRINT) | |
| Date of publication, distribution, etc | 1999 |
| 500 ## - GENERAL NOTE | |
| General note | CORAM: Wambuzi, C.J., Platt, J.S.C., and Seaton, J.S.C. |
| 500 ## - GENERAL NOTE | |
| General note | Appeal from the decision of the High Court of Uganda at Kampala Mr. Justice Kityo dated 15/3/91 High Court Civil Case No. 528/98. |
| Withdrawn status | Lost status | Source of classification or shelving scheme | Damaged status | Koha normalized classification for sorting | Not for loan | Location (home branch) | Sublocation or collection (holding branch) | Date acquired | Koha issues (times borrowed) | Koha full call number | Piece designation (barcode) | Koha date last seen | Price effective from | Koha item type |
|---|---|---|---|---|---|---|---|---|---|---|---|---|---|---|
| Dewey Decimal Classification | SCCAF_18 | Law Development Centre Main Library | Law Development Centre Main Library | 06/10/2011 | SCCAF-18 | 13/1991/1 | 06/10/2011 | 06/10/2011 | Un Reported Cases | |||||
| Dewey Decimal Classification | SCCAF_18 | Law Development Centre Main Library | Law Development Centre Main Library | 06/10/2011 | SCCAF-18 | 13/1991/2 | 06/10/2011 | 06/10/2011 | Un Reported Cases |
